[Event "SVK-ch Amateurs"]
[Site "Topolcany"]
[Date "2021.08.09"]
[Round "6"]
[White "Oprea, Erik"]
[Black "Kapec, Kristian"]
[Result "1-0"]
[WhiteElo "2173"]
[BlackElo "1751"]
[PlyCount "87"]
[EventDate "2021.08.06"]
[EventType "swiss"]
[EventRounds "7"]
[EventCountry "SVK"]
[SourceTitle "EXT 2022"]
[Source "ChessBase"]
[SourceDate "2021.10.06"]
[SourceVersion "1"]
[SourceVersionDate "2021.10.06"]
[SourceQuality "1"]

1. d4 Nf6 2. c4 e5 3. e3 exd4 4. exd4 Bb4+ 5. Bd2 Bxd2+ 6. Nxd2 d5 7. c5 c6 8. Ngf3 Bf5 9. Be2 Nbd7 10. 0-0 0-0 11. Nh4 Bg6 12. Nxg6 hxg6 13. b4 a6 14. a4 Re8 15. b5 axb5 16. Bd3 Rxa4 17. Rxa4 bxa4 18. Qxa4 Qc7 19. Rb1 Rb8 20. Qa7 Ne8 21. Re1 Ndf6 22. Rb1 Nd7 23. Re1 Nef6 24. Nf3 Qc8 25. Rb1 Ne8 26. Ng5 Nc7 27. h4 Nb5 28. Qa1 b6 29. cxb6 Rxb6 30. Rc1 Qa6 31. Qxa6 Rxa6 32. Bxb5 cxb5 33. Rc8+ Nf8 34. Rb8 Ra4 35. Rb7 Rxd4 36. Nxf7 Rxh4 37. g3 Rb4 38. Ne5 Re4 39. f4 Kh7 40. Rb8 Ne6 41. Nf7 g5 42. f5 g6 43. f6 Re1+ 44. Kf2 1-0

[Event "SVK-ch Amateurs"]
[Site "Topolcany"]
[Date "2021.08.08"]
[Round "4"]
[White "Oprea, Erik"]
[Black "Meszarosova, Eva"]
[Result "0-1"]
[WhiteElo "2173"]
[BlackElo "1972"]
[PlyCount "92"]
[EventDate "2021.08.06"]
[EventType "swiss"]
[EventRounds "7"]
[EventCountry "SVK"]
[SourceTitle "EXT 2022"]
[Source "ChessBase"]
[SourceDate "2021.10.06"]
[SourceVersion "1"]
[SourceVersionDate "2021.10.06"]
[SourceQuality "1"]

1. d4 Nf6 2. c4 e6 3. a3 d5 4. Nc3 Be7 5. Bf4 c6 6. c5 0-0 7. e3 Nbd7 8. Bd3 b6 9. b4 bxc5 10. bxc5 Qa5 11. Qd2 Nh5 12. Bg3 f5 13. Nf3 Nxg3 14. hxg3 Bf6 15. 0-0 Nxc5 16. Bc2 Na6 17. Bb3 Qd8 18. Rab1 Bd7 19. Na4 Be7 20. Ne5 Bd6 21. Nxd7 Qxd7 22. Qa5 Nc7 23. Nc5 Bxc5 24. Qxc5 Nb5 25. Rfc1 Rfc8 26. Ba4 a6 27. Kh2 h6 28. Rb2 Kh7 29. Rbc2 Ra7 30. Qb6 Rb7 31. Qa5 Ra7 32. Rc5 Kh8 33. Qd2 Rac7 34. Qd3 Ra7 35. f3 Rac7 36. Bc2 g6 37. Rh1 Kg7 38. g4 Nd6 39. gxf5 exf5 40. Rb1 Qe7 41. Bb3 Re8 42. Qxa6 Qh4+ 43. Kg1 Rxe3 44. Qa4 Rce7 45. Rcc1 Re2 46. Rc2 Qf2+ 0-1

[Event "SVK-ch Amateurs"]
[Site "Topolcany"]
[Date "2021.08.06"]
[Round "2"]
[White "Oprea, Erik"]
[Black "Popovic, Martin"]
[Result "1-0"]
[WhiteElo "2173"]
[BlackElo "1946"]
[PlyCount "87"]
[EventDate "2021.08.06"]
[EventType "swiss"]
[EventRounds "7"]
[EventCountry "SVK"]
[SourceTitle "EXT 2022"]
[Source "ChessBase"]
[SourceDate "2021.10.06"]
[SourceVersion "1"]
[SourceVersionDate "2021.10.06"]
[SourceQuality "1"]

1. d4 d5 2. c4 c6 3. Bf4 Nf6 4. Nc3 e6 5. e3 Bd6 6. Bg3 h5 7. Nf3 a6 8. Bxd6 Qxd6 9. c5 Qc7 10. Ne5 Nbd7 11. f4 Nxe5 12. fxe5 Ng4 13. Qf3 Bd7 14. h3 Nh6 15. Bd3 0-0-0 16. 0-0-0 h4 17. Na4 Rdf8 18. Nb6+ Kb8 19. Qf4 Be8 20. Qxh4 f6 21. exf6 gxf6 22. Qe1 f5 23. Rf1 Rfg8 24. Rf2 Rg3 25. Bf1 Bh5 26. Rd3 Re8 27. Rf4 Reg8 28. Rb3 Ka7 29. Qa5 Rxe3 30. Rh4 Rxb3 31. axb3 Qg3 32. Rxh5 Qf4+ 33. Kb1 Qxf1+ 34. Ka2 Qc1 35. Nd7 Qf4 36. g3 Qe3 37. Qc7 Rh8 38. Ne5 Ka8 39. Qg7 Rg8 40. Qxh6 Qxd4 41. Qxe6 Rxg3 42. Rh8+ Ka7 43. Nxc6+ bxc6 44. Qd7# 1-0

[Event "SVK-ch rapid"]
[Site "Topolcany"]
[Date "2020.07.11"]
[Round "5"]
[White "Dobrotka, Martin"]
[Black "Oprea, Erik"]
[Result "1-0"]
[WhiteElo "2207"]
[BlackElo "2074"]
[PlyCount "103"]
[EventDate "2020.07.11"]
[EventType "swiss (rapid)"]
[EventRounds "9"]
[EventCountry "SVK"]
[SourceTitle "CBM 197 Extra"]
[Source "ChessBase"]
[SourceDate "2020.09.30"]
[SourceVersion "1"]
[SourceVersionDate "2020.09.30"]
[SourceQuality "1"]

1. d4 d6 2. c4 Nd7 3. Nc3 c6 4. Nf3 e5 5. g3 Ngf6 6. dxe5 dxe5 7. Bg2 Be7 8. 0-0 0-0 9. Qc2 Qc7 10. b3 Re8 11. Bb2 a5 12. Rad1 Bc5 13. e3 Nf8 14. Na4 Ba7 15. c5 Ng6 16. Rd6 b5 17. cxb6 Qxd6 18. Rd1 Qe7 19. bxa7 Rxa7 20. Rc1 Bb7 21. Nc5 Ba8 22. h4 Qc7 23. Qf5 Qd6 24. h5 Ne7 25. Qxe5 Qxe5 26. Nxe5 Nxh5 27. Nc4 Rd8 28. Bc3 a4 29. Nxa4 Rad7 30. Bf3 Nf6 31. Nab6 Rd3 32. Be2 Rxc3 33. Rxc3 Bb7 34. Na5 Rb8 35. Nxb7 Rxb7 36. Nc4 Ned5 37. Rc1 Ne4 38. Bf3 f5 39. Bxe4 fxe4 40. Nd6 Ra7 41. a4 Nb4 42. Nxe4 g6 43. Rc4 Rb7 44. Nc5 Rb8 45. e4 Kf7 46. f4 Na2 47. Kf2 Ke7 48. Ke2 Nb4 49. a5 Na2 50. Ra4 Kd6 51. Rd4+ Kc7 52. b4 1-0

[Event "SVK-ch rapid"]
[Site "Topolcany"]
[Date "2020.07.11"]
[Round "8"]
[White "Oprea, Erik"]
[Black "Koval, Maros"]
[Result "1-0"]
[WhiteElo "2074"]
[BlackElo "2094"]
[PlyCount "79"]
[EventDate "2020.07.11"]
[EventType "swiss (rapid)"]
[EventRounds "9"]
[EventCountry "SVK"]
[SourceTitle "CBM 197 Extra"]
[Source "ChessBase"]
[SourceDate "2020.09.30"]
[SourceVersion "1"]
[SourceVersionDate "2020.09.30"]
[SourceQuality "1"]

1. d4 d5 2. c4 c6 3. e3 Nf6 4. Nc3 e6 5. a3 Nbd7 6. f4 Ne4 7. Nxe4 dxe4 8. Ne2 f5 9. Nc3 Nf6 10. Be2 Bd6 11. a4 a5 12. 0-0 0-0 13. Bd2 b6 14. Kh1 c5 15. d5 exd5 16. cxd5 Bb7 17. Bc4 Kh8 18. h3 Qe7 19. Be1 Rad8 20. Qb3 Bc7 21. Rd1 Ne8 22. Nb5 Bb8 23. Bc3 Nd6 24. Nxd6 Qxd6 25. Be5 Qh6 26. Bc3 Bc8 27. Rd2 Bd7 28. Rfd1 Be8 29. d6 Bh5 30. Rg1 Rxd6 31. Rxd6 Qxd6 32. Be6 Qd3 33. Qxb6 Qxe3 34. Qb7 Bf7 35. Bxf7 Qxf4 36. g3 Qf3+ 37. Rg2 Bxg3 38. Bxg7+ Kxg7 39. Bh5+ Kh6 40. Bxf3 1-0

[Event "Bratislava-ch Centenary"]
[Site "Bratislava"]
[Date "2019.05.15"]
[Round "7"]
[White "Oprea, Erik"]
[Black "Kostolansky, Sebastian Lukas"]
[Result "0-1"]
[WhiteElo "2127"]
[BlackElo "2323"]
[PlyCount "68"]
[EventDate "2019.05.10"]
[EventType "tourn"]
[EventRounds "9"]
[EventCountry "SVK"]
[SourceTitle "CBM 190 Extra"]
[Source "ChessBase"]
[SourceDate "2019.07.15"]
[SourceVersion "1"]
[SourceVersionDate "2019.07.15"]
[SourceQuality "1"]

1. c4 e5 2. Nc3 Nf6 3. e3 Bb4 4. Qc2 0-0 5. a3 Bxc3 6. dxc3 Nc6 7. e4 d6 8. f3 a5 9. a4 Be6 10. Be3 Ne7 11. Bd3 c6 12. g4 Qc7 13. Bg5 Ne8 14. Ne2 h6 15. Be3 d5 16. cxd5 cxd5 17. Ng3 dxe4 18. Bxe4 Nd6 19. Rg1 Nc4 20. Bc1 Rad8 21. b3 Qb6 22. Kf1 Nd6 23. c4 Nxe4 24. Nxe4 f5 25. gxf5 Nxf5 26. Kg2 Nh4+ 27. Kh1 Nxf3 28. Bxh6 Nxg1 29. Rxg1 Bg4 30. Rxg4 Rf1+ 31. Kg2 Rg1+ 32. Kf3 Rf8+ 33. Bf4 Rxg4 34. c5 Rfxf4+ 0-1

[Event "Bratislava-ch Centenary"]
[Site "Bratislava"]
[Date "2019.05.12"]
[Round "3"]
[White "Oprea, Erik"]
[Black "Bochnicka, Vladimir1111"]
[Result "0-1"]
[WhiteElo "2127"]
[BlackElo "2108"]
[PlyCount "82"]
[EventDate "2019.05.10"]
[EventType "tourn"]
[EventRounds "9"]
[EventCountry "SVK"]
[SourceTitle "CBM 190 Extra"]
[Source "ChessBase"]
[SourceDate "2019.07.15"]
[SourceVersion "1"]
[SourceVersionDate "2019.07.15"]
[SourceQuality "1"]

1. c4 e5 2. Nc3 Nf6 3. g3 c6 4. d4 exd4 5. Qxd4 d5 6. Bg5 Be7 7. Rd1 c5 8. Qd3 d4 9. Bxf6 Bxf6 10. Nd5 0-0 11. Bg2 Nc6 12. Nf3 Be6 13. h4 Re8 14. Ng5 g6 15. Nxe6 Rxe6 16. f4 Bg7 17. a3 Ne7 18. Qb3 Nf5 19. Rd3 Qa5+ 20. Kf2 Rae8 21. Bf3 Nd6 22. Re1 b5 23. Rc1 bxc4 24. Rxc4 Nxc4 25. Qxc4 Rb8 26. b4 cxb4 27. axb4 Qd8 28. Ra3 Rc8 29. Qa2 Kh8 30. Rxa7 d3 31. Rxf7 Rc2 32. Qa7 dxe2 33. Bxe2 Rcxe2+ 34. Kg1 Re1+ 35. Kh2 R6e2+ 36. Kh3 Rh1+ 37. Kg4 h5+ 38. Kf3 Qxd5+ 39. Kxe2 Rh2+ 40. Ke3 Qd2+ 41. Ke4 Re2+ 0-1

[Event "Bratislava Slovan op"]
[Site "Bratislava"]
[Date "2019.05.04"]
[Round "5"]
[White "Oprea, Erik"]
[Black "Stevik, Patrik1111"]
[Result "1-0"]
[WhiteElo "2127"]
[BlackElo "1948"]
[PlyCount "73"]
[EventDate "2019.05.01"]
[EventType "swiss"]
[EventRounds "9"]
[EventCountry "SVK"]
[SourceTitle "CBM 190 Extra"]
[Source "ChessBase"]
[SourceDate "2019.07.15"]
[SourceVersion "1"]
[SourceVersionDate "2019.07.15"]
[SourceQuality "1"]

1. c4 Nf6 2. d4 g6 3. Nc3 Bg7 4. e4 d6 5. f3 0-0 6. Be3 c6 7. Qd2 e5 8. d5 Qc7 9. Bd3 a5 10. Nge2 Nbd7 11. g4 Nc5 12. Bc2 Bd7 13. Ng3 cxd5 14. Nxd5 Nxd5 15. cxd5 b5 16. h4 b4 17. Bh6 Bb5 18. Bxg7 Kxg7 19. Nh5+ Kh8 20. Nf6 Kg7 21. g5 Nd7 22. Nxd7 Qxd7 23. h5 Rac8 24. Qh2 Kg8 25. Bd1 Qa7 26. Qf2 Qxf2+ 27. Kxf2 a4 28. Kg3 f6 29. hxg6 hxg6 30. f4 fxg5 31. fxe5 dxe5 32. Bg4 Rc2 33. Rac1 b3 34. axb3 axb3 35. Ra1 Rd2 36. Be6+ Kg7 37. Ra7+ 1-0

[Event "Bratislava Slovan op"]
[Site "Bratislava"]
[Date "2018.05.01"]
[Round "6"]
[White "Duraj, Jan"]
[Black "Oprea, Erik"]
[Result "0-1"]
[WhiteElo "1913"]
[BlackElo "2143"]
[PlyCount "116"]
[EventDate "2018.04.27"]
[EventType "swiss"]
[EventRounds "9"]
[EventCountry "SVK"]
[SourceTitle "EXT 2023"]
[Source "ChessBase"]
[SourceDate "2022.10.05"]
[SourceVersion "1"]
[SourceVersionDate "2022.10.05"]
[SourceQuality "1"]

1. e4 e6 2. Nc3 c6 3. f4 d5 4. e5 c5 5. Nf3 Nc6 6. d4 Bd7 7. Be3 c4 8. f5 h6 9. a3 a6 10. Be2 Nge7 11. fxe6 Bxe6 12. 0-0 Ng6 13. Qd2 Be7 14. Nd1 b5 15. c3 Na5 16. Qe1 Nb3 17. Rb1 Bf5 18. Nf2 Rc8 19. Rd1 Bc2 20. Nh3 Rc6 21. Qf2 Bxd1 22. Bxd1 0-0 23. Bc2 Na5 24. Bb1 Nb7 25. Qd2 Kh7 26. Nf4 Kg8 27. Nh3 Nh8 28. Qc2 Ng6 29. Qd2 f5 30. exf6 Rcxf6 31. Bxh6 gxh6 32. Qxh6 R8f7 33. Bxg6 Rg7 34. Ne5 Rxf1+ 35. Kxf1 Qf8+ 36. Ke2 Nd6 37. Ng5 Bxg5 38. Qxg5 Ne4 39. Qh4 Qf6 40. Qxf6 Nxf6 41. Kf3 Nd7 42. Bf5 Nb6 43. h4 Re7 44. h5 Kg7 45. Kf4 Na4 46. g4 Nxb2 47. g5 Nd1 48. h6+ Kg8 49. g6 Nxc3 50. Kg5 Ne4+ 51. Bxe4 dxe4 52. Kf6 Rh7 53. Ng4 Rc7 54. Kf5 c3 55. Nf6+ Kh8 56. Ne8 c2 57. Nxc7 c1Q 58. g7+ Kg8 0-1

[Event "Bratislava Slovan op"]
[Site "Bratislava"]
[Date "2018.05.01"]
[Round "7"]
[White "Oprea, Erik"]
[Black "Druska, Juraj"]
[Result "0-1"]
[WhiteElo "2143"]
[BlackElo "2429"]
[PlyCount "68"]
[EventDate "2018.04.27"]
[EventType "swiss"]
[EventRounds "9"]
[EventCountry "SVK"]
[SourceTitle "EXT 2023"]
[Source "ChessBase"]
[SourceDate "2022.10.05"]
[SourceVersion "1"]
[SourceVersionDate "2022.10.05"]
[SourceQuality "1"]

1. e4 g6 2. d4 Bg7 3. Be3 d6 4. Qd2 e5 5. d5 f5 6. exf5 gxf5 7. f3 Nf6 8. Nc3 a6 9. 0-0-0 b5 10. Kb1 Nbd7 11. h3 Bb7 12. a3 Qe7 13. g4 0-0 14. gxf5 Nh5 15. Bd3 Ng3 16. Rh2 Nxf5 17. Bg5 Qf7 18. Rg2 Kh8 19. h4 Rg8 20. h5 Nc5 21. h6 Bf8 22. Ne4 Nd7 23. Nh3 Bxd5 24. Bf6+ Nxf6 25. Neg5 Qd7 26. Be4 c6 27. Qd3 Nh4 28. Bxd5 cxd5 29. Rg4 Nxg4 30. Qxd5 Bxh6 31. Nf7+ Kg7 32. Nxd6 Rgd8 33. Rg1 Qxd6 34. Rxg4+ Ng6 0-1

[Event "Bratislava Slovan op"]
[Site "Bratislava"]
[Date "2018.04.27"]
[Round "1"]
[White "Oprea, Erik"]
[Black "Kucharek, Tibor"]
[Result "1-0"]
[WhiteElo "2143"]
[BlackElo "1691"]
[PlyCount "95"]
[EventDate "2018.04.27"]
[EventType "swiss"]
[EventRounds "9"]
[EventCountry "SVK"]
[SourceTitle "EXT 2023"]
[Source "ChessBase"]
[SourceDate "2022.10.05"]
[SourceVersion "1"]
[SourceVersionDate "2022.10.05"]
[SourceQuality "1"]

1. d4 d5 2. c4 e6 3. Nc3 Nf6 4. Bf4 Bd6 5. Bxd6 Qxd6 6. c5 Qe7 7. Nf3 0-0 8. e3 Nc6 9. Bb5 Bd7 10. Bxc6 Bxc6 11. b4 Ne4 12. Qb3 Nxc3 13. Qxc3 Bb5 14. a4 Bc4 15. Ne5 b5 16. Nxc4 bxc4 17. 0-0 c6 18. Rfe1 f5 19. b5 Qc7 20. bxc6 Qxc6 21. Reb1 Rfb8 22. Rb4 Rb7 23. Rab1 Rab8 24. h3 Rxb4 25. Rxb4 Rxb4 26. Qxb4 Kf7 27. Kf1 Ke7 28. h4 Kf6 29. Ke2 h6 30. Kf3 e5 31. dxe5+ Kxe5 32. Qb5 Qxb5 33. axb5 Ke6 34. Ke2 Kd7 35. Kd2 Kc7 36. Kc3 Kb7 37. f3 h5 38. e4 fxe4 39. fxe4 dxe4 40. Kxc4 a6 41. bxa6+ Kxa6 42. Kd4 Kb5 43. Kxe4 Kxc5 44. Kf5 Kd4 45. Kg6 Ke5 46. g3 Ke4 47. Kxg7 Kf5 48. Kh6 1-0

[Event "SVK-chT1W 1718"]
[Site "Slovakia"]
[Date "2018.03.10"]
[Round "10.5"]
[White "Oprea, Erik"]
[Black "Lintner, Igor"]
[Result "1-0"]
[WhiteElo "2140"]
[BlackElo "2221"]
[PlyCount "111"]
[EventDate "2017.10.21"]
[EventType "team-tourn"]
[EventRounds "11"]
[EventCountry "SVK"]
[SourceTitle "EXT 2019"]
[Source "ChessBase"]
[SourceDate "2018.10.10"]
[SourceVersion "1"]
[SourceVersionDate "2018.10.10"]
[SourceQuality "1"]
[WhiteTeam "Devinska Nova Ves"]
[BlackTeam "Bratislava KSN"]
[WhiteTeamCountry "SVK"]
[BlackTeamCountry "SVK"]

1. e4 c5 2. b4 cxb4 3. d4 d5 4. exd5 Nf6 5. Bb2 Nxd5 6. c4 bxc3 7. Nxc3 e6 8. Bd3 Nc6 9. Nge2 Nxc3 10. Nxc3 Be7 11. 0-0 0-0 12. d5 Nb4 13. Be4 exd5 14. Nxd5 Nxd5 15. Bxd5 Bf6 16. Bxf6 Qxf6 17. Qf3 Qxf3 18. Bxf3 Rb8 19. Rfc1 Rd8 20. Rc7 a6 21. Re1 b5 22. Bd5 Be6 23. Bxe6 fxe6 24. Rc6 a5 25. Rcxe6 Rd2 26. Re7 Rxa2 27. Ra7 h6 28. h4 Kh7 29. Ree7 Rg8 30. Re5 Ra1+ 31. Kh2 b4 32. Rb5 Ra3 33. Rb6 b3 34. g4 Rf8 35. Rbb7 Rg8 36. Kg2 a4 37. Rb6 Ra2 38. g5 hxg5 39. hxg5 Re8 40. Rh6+ Kg8 41. Rg6 Ree2 42. Rgxg7+ Kf8 43. Rgf7+ Kg8 44. Rg7+ Kf8 45. Raf7+ Ke8 46. g6 Kd8 47. Rf8+ Re8 48. Rgg8 Rxf8 49. Rxf8+ Kc7 50. g7 b2 51. g8Q b1Q 52. Rc8+ Kd6 53. Qd8+ Ke6 54. Rc6+ Kf5 55. Qf6+ Kg4 56. Rc4+ 1-0

[Event "SVK-chT1W 1718"]
[Site "Slovakia"]
[Date "2018.02.18"]
[Round "9.5"]
[White "Oprea, Erik"]
[Black "Travenec, Igor"]
[Result "1-0"]
[WhiteElo "2125"]
[BlackElo "2121"]
[PlyCount "107"]
[EventDate "2017.10.21"]
[EventType "team-tourn"]
[EventRounds "11"]
[EventCountry "SVK"]
[SourceTitle "EXT 2019"]
[Source "ChessBase"]
[SourceDate "2018.10.10"]
[SourceVersion "1"]
[SourceVersionDate "2018.10.10"]
[SourceQuality "1"]
[WhiteTeam "Devinska Nova Ves"]
[BlackTeam "Bratislava Slovan II"]
[WhiteTeamCountry "SVK"]
[BlackTeamCountry "SVK"]

1. d4 Nf6 2. c4 e6 3. Nc3 Bb4 4. Qc2 c5 5. a3 Bxc3+ 6. bxc3 Nc6 7. Nf3 d6 8. e4 e5 9. d5 Na5 10. h3 h6 11. Be3 0-0 12. Bd3 b6 13. 0-0 Nh5 14. Nd2 g5 15. Qd1 Nf4 16. Bxf4 gxf4 17. Kh2 Qf6 18. Rg1 Kh8 19. Qf3 Bd7 20. Raf1 Rg8 21. g3 Rg6 22. gxf4 Qxf4+ 23. Qxf4 exf4 24. Nf3 Re8 25. Re1 Rxg1 26. Rxg1 Nb7 27. Re1 f6 28. Rg1 Rg8 29. Rxg8+ Kxg8 30. Nh4 Kf7 31. Ng2 Na5 32. Nxf4 Ba4 33. Ng2 Bd7 34. Ne3 Nb3 35. h4 Nc1 36. Bf1 Na2 37. Bh3 Bxh3 38. Kxh3 Nxc3 39. f3 Nb1 40. Nf5 Nxa3 41. Nxd6+ Kf8 42. Kg4 a6 43. Kh5 b5 44. Nb7 Nxc4 45. Kxh6 Nd2 46. Nxc5 Nxf3 47. Kg6 Ke7 48. h5 Ne5+ 49. Kg7 Nf7 50. Nxa6 Ng5 51. h6 Kd6 52. h7 Nxh7 53. Kxh7 Ke5 54. Kg6 1-0

[Event "SVK-chT1W 1718"]
[Site "Slovakia"]
[Date "2018.02.17"]
[Round "8.7"]
[White "Nestorenko, Dmitry"]
[Black "Oprea, Erik"]
[Result "0-1"]
[WhiteElo "2253"]
[BlackElo "2125"]
[PlyCount "66"]
[EventDate "2017.10.21"]
[EventType "team-tourn"]
[EventRounds "11"]
[EventCountry "SVK"]
[SourceTitle "EXT 2019"]
[Source "ChessBase"]
[SourceDate "2018.10.10"]
[SourceVersion "1"]
[SourceVersionDate "2018.10.10"]
[SourceQuality "1"]
[WhiteTeam "Bratislava Slovan III"]
[BlackTeam "Devinska Nova Ves"]
[WhiteTeamCountry "SVK"]
[BlackTeamCountry "SVK"]

1. e4 e6 2. d4 d5 3. Nd2 Nf6 4. e5 Nfd7 5. c3 c5 6. f4 Nc6 7. Ndf3 Rb8 8. Bd3 c4 9. Bc2 b5 10. Ne2 Be7 11. 0-0 g6 12. g4 h5 13. f5 hxg4 14. fxe6 gxf3 15. exd7+ Bxd7 16. Rxf3 Bg5 17. Qe1 Bxc1 18. Rxc1 Bg4 19. Rg3 Qh4 20. Qf2 Bxe2 21. Qxe2 Nd8 22. e6 Nxe6 23. Bxg6 Kf8 24. Rf1 Nf4 25. Qd2 Nxg6 26. Rxg6 Re8 27. Rg3 Re4 28. Rf5 Re1+ 29. Qxe1 Qxh2+ 30. Kf1 Qh1+ 31. Ke2 Qe4+ 32. Re3 Qxf5 33. Qg3 Rh1 0-1

[Event "SVK-chT1W 1718"]
[Site "Slovakia"]
[Date "2017.12.03"]
[Round "6.4"]
[White "Oprea, Erik"]
[Black "Skreno, Vladimir"]
[Result "0-1"]
[WhiteElo "2125"]
[BlackElo "2175"]
[PlyCount "84"]
[EventDate "2017.10.21"]
[EventType "team-tourn"]
[EventRounds "11"]
[EventCountry "SVK"]
[SourceTitle "EXT 2019"]
[Source "ChessBase"]
[SourceDate "2018.10.10"]
[SourceVersion "1"]
[SourceVersionDate "2018.10.10"]
[SourceQuality "1"]
[WhiteTeam "Devinska Nova Ves"]
[BlackTeam "Nitra NSK"]
[WhiteTeamCountry "SVK"]
[BlackTeamCountry "SVK"]

1. d4 Nf6 2. c4 c6 3. Nc3 d5 4. cxd5 cxd5 5. Bf4 a6 6. e3 Nc6 7. Bd3 e6 8. Rc1 Bd7 9. h3 Be7 10. Nf3 0-0 11. 0-0 b5 12. Bb1 Rc8 13. Ne5 Be8 14. g4 b4 15. g5 bxc3 16. gxf6 Bxf6 17. Rxc3 Bxe5 18. Bxe5 Nxe5 19. Qc2 Nf3+ 20. Kg2 Qg5+ 21. Kh1 f5 22. Rxc8 Qh5 23. Kg2 Ng5 24. Rh1 Qf3+ 25. Kg1 Nxh3+ 26. Rxh3 Qxh3 27. Qc7 Qg4+ 28. Kf1 Qd1+ 29. Kg2 Qxb1 30. Qe7 f4 31. Qxe6+ Bf7 32. Rxf8+ Kxf8 33. Qd6+ Ke8 34. Qc6+ Ke7 35. Qc7+ Ke6 36. Qc8+ Kf6 37. Qd8+ Kf5 38. Qc8+ Be6 39. Qf8+ Kg6 40. Qe8+ Bf7 41. Qc6+ Kh5 42. Qxa6 Qe4+ 0-1

[Event "SVK-chT 1617"]
[Site "Slovakia"]
[Date "2017.03.26"]
[Round "11.4"]
[White "Chovanec, Stefan"]
[Black "Oprea, Erik"]
[Result "0-1"]
[WhiteElo "1727"]
[BlackElo "2180"]
[PlyCount "64"]
[EventDate "2016.10.22"]
[EventType "team-tourn"]
[EventRounds "11"]
[EventCountry "SVK"]
[SourceTitle "CBM 177 Extra"]
[Source "ChessBase"]
[SourceDate "2017.04.27"]
[SourceVersion "1"]
[SourceVersionDate "2017.04.27"]
[SourceQuality "1"]
[WhiteTeam "Dunajov Inbest"]
[BlackTeam "Devinska Nova Ves"]
[WhiteTeamCountry "SVK"]
[BlackTeamCountry "SVK"]

1. Nf3 d6 2. d4 c6 3. Bf4 Nf6 4. e3 g6 5. Bd3 Bg7 6. c4 Nbd7 7. Nc3 0-0 8. 0-0 Re8 9. Rc1 e5 10. dxe5 dxe5 11. Bg5 h6 12. Bxf6 Nxf6 13. Bc2 Qe7 14. e4 Nh5 15. Ne2 Bg4 16. Ng3 Rad8 17. Qe2 Nf4 18. Qe3 h5 19. h3 Bh6 20. Kh2 Bxf3 21. Qxf3 Ne6 22. Nxh5 gxh5 23. Qxh5 Bxc1 24. Rxc1 Qg5 25. Qxg5+ Nxg5 26. h4 Ne6 27. g4 Rd2 28. Kg3 Nf4 29. Bd1 Red8 30. Bf3 R8d3 31. Rb1 Ne2+ 32. Kg2 Nd4 0-1

[Event "SVK-chT2A 1617"]
[Site "Slovakia"]
[Date "2017.01.21"]
[Round "7.5"]
[White "Oprea, Erik"]
[Black "Kostolansky, Sebastian Lukas"]
[Result "1-0"]
[WhiteElo "2188"]
[BlackElo "2007"]
[PlyCount "65"]
[EventDate "2016.10.08"]
[EventType "team-tourn"]
[EventRounds "11"]
[EventCountry "SVK"]
[SourceTitle "EXT 2018"]
[Source "ChessBase"]
[SourceDate "2017.10.13"]
[SourceVersion "1"]
[SourceVersionDate "2017.10.13"]
[SourceQuality "1"]
[WhiteTeam "Devinska Nova Ves II"]
[BlackTeam "Bratislava Slovan V"]
[WhiteTeamCountry "SVK"]
[BlackTeamCountry "SVK"]

1. c4 e5 2. Nc3 Nf6 3. e3 Be7 4. d4 exd4 5. exd4 0-0 6. Bd3 Re8 7. Nge2 d6 8. h3 c5 9. d5 Nbd7 10. f4 Bf8 11. Bd2 Nh5 12. 0-0 g6 13. g4 Ng7 14. Ng3 h5 15. gxh5 gxh5 16. Qf3 Nf6 17. Kh2 Bd7 18. Rae1 Rxe1 19. Rxe1 Qb6 20. b3 Re8 21. Rg1 Kh8 22. Nce4 Nxe4 23. Nxe4 Rxe4 24. Bxe4 Qd8 25. Bc3 Qh4 26. Rg5 Bg4 27. Qg3 Qxg3+ 28. Kxg3 Bd7 29. Bf6 Kg8 30. f5 a6 31. Bxg7 Bxg7 32. f6 h4+ 33. Kf4 1-0

[Event "SVK-chT2A 1617"]
[Site "Slovakia"]
[Date "2016.11.05"]
[Round "3.3"]
[White "Gasa, Patrik"]
[Black "Oprea, Erik"]
[Result "1-0"]
[WhiteElo "2139"]
[BlackElo "2188"]
[PlyCount "111"]
[EventDate "2016.10.08"]
[EventType "team-tourn"]
[EventRounds "11"]
[EventCountry "SVK"]
[SourceTitle "CBM 175 Extra"]
[Source "ChessBase"]
[SourceDate "2016.12.12"]
[SourceVersion "1"]
[SourceVersionDate "2016.12.12"]
[SourceQuality "1"]
[WhiteTeam "Osuske II"]
[BlackTeam "Devinska Nova Ves II"]
[WhiteTeamCountry "SVK"]
[BlackTeamCountry "SVK"]

1. d4 c5 2. e4 cxd4 3. c3 d3 4. Bxd3 Nc6 5. Nf3 d6 6. h3 Nf6 7. Bg5 h6 8. Be3 Qc7 9. 0-0 g5 10. Nd4 g4 11. h4 Ne5 12. Na3 a6 13. Nac2 e6 14. a4 b6 15. Re1 Bb7 16. Bf4 Nxd3 17. Qxd3 e5 18. Bg3 0-0-0 19. Nf5 Nh5 20. Nb4 a5 21. Nd5 Bxd5 22. Qxd5 Nf6 23. Qd3 Kb7 24. b4 Ra8 25. Red1 Qc6 26. b5 Qxe4 27. Nxd6+ Bxd6 28. Qxd6 Ne8 29. Qe7+ Nc7 30. Bxe5 Rac8 31. Rd7 Qc4 32. Bxh8 Rxh8 33. Qf6 Rc8 34. Rd6 Na8 35. Re1 Rc7 36. Re7 Rxe7 37. Qxe7+ Nc7 38. Rc6 Qxc6 39. bxc6+ Kxc6 40. Qxf7 b5 41. axb5+ Nxb5 42. Qc4+ Kb6 43. f4 Nd6 44. Qd4+ Kc6 45. f5 h5 46. f6 g3 47. Qa4+ Kb6 48. f7 Nxf7 49. Qb3+ Kc5 50. Qxf7 a4 51. Qxh5+ Kc4 52. Qa5 Kd3 53. Qxa4 Ke2 54. Qe4+ Kd1 55. Qf3+ Kd2 56. c4 1-0